Medicina interna de todos los días / (Registro nro. 3300)

Detalles MARC
000 -LEADER
fixed length control field 01401nam a2200445 a 4500
005 - FECHA ULTIMA MODIFICACION
control field 20250806092751.0
008 - CAMPO DE CONTROL (LIBRO)
fixed length control field 100930e2019||||ag a f |||| 001 0 spa d
020 ## - INTERNATIONAL STANDARD BOOK NUMBER
ISBN 9789871639984
041 ## - CODIGO DE IDIOMA
Código de idioma del texto/pista de sonido o título separado spa
092 ## - SIGNATURA TOPOGRAFICA DEWEY LOCAL
número de clasificación 616
libristica 51
sección MED
245 ## - TITULO PROPIAMENTE DICHO
Título Medicina interna de todos los días /
Mención de responsabilidad y remanente de la transcripción de la portada María de las Mercedes Magaz
250 ## - MENCION DE EDICION
Mención de edición 2a ed.
260 ## - PIE DE IMPRENTA
Lugar de publicación, distribución, etc Buenos Aires:
Nombre de la editorial, distribuidor, etc delhospital ediciones;
Fecha de publicación 2019.
300 ## - DESCRIPCION FISICA
Extension 592 p.
Otros detalles físicos il.
Dimensiones 18x14 cm.
500 ## - NOTA GENERAL
Nota general Magaz, M. de las M. et al. (2019). Medicina interna de todos los días. (2a ed.). Buenos Aires : delhospital ediciones.
653 ## - TÉRMINO INDIZADO - PALABRAS CLAVES
Palabra clave Cardiología
653 ## - TÉRMINO INDIZADO - PALABRAS CLAVES
Palabra clave Neumología
653 ## - TÉRMINO INDIZADO - PALABRAS CLAVES
Palabra clave Gastroenterología
653 ## - TÉRMINO INDIZADO - PALABRAS CLAVES
Palabra clave Nefrología
653 ## - TÉRMINO INDIZADO - PALABRAS CLAVES
Palabra clave Hematología
653 ## - TÉRMINO INDIZADO - PALABRAS CLAVES
Palabra clave Oncología
653 ## - TÉRMINO INDIZADO - PALABRAS CLAVES
Palabra clave Infectología
653 ## - TÉRMINO INDIZADO - PALABRAS CLAVES
Palabra clave Endocrinología
653 ## - TÉRMINO INDIZADO - PALABRAS CLAVES
Palabra clave Reumatología
653 ## - TÉRMINO INDIZADO - PALABRAS CLAVES
Palabra clave Neurología
653 ## - TÉRMINO INDIZADO - PALABRAS CLAVES
Palabra clave Dermatología
653 ## - TÉRMINO INDIZADO - PALABRAS CLAVES
Palabra clave Oftalmología
653 ## - TÉRMINO INDIZADO - PALABRAS CLAVES
Palabra clave Otorrinolaringología
653 ## - TÉRMINO INDIZADO - PALABRAS CLAVES
Palabra clave Nutrición
653 ## - TÉRMINO INDIZADO - PALABRAS CLAVES
Palabra clave Toxicología
653 ## - TÉRMINO INDIZADO - PALABRAS CLAVES
Palabra clave Analgesia
653 ## - TÉRMINO INDIZADO - PALABRAS CLAVES
Palabra clave Abordaje del paciente crítico
700 1# - ENTRADAS SECUNDARIAS - NOMBRE PERSONAL
Nombre personal Magaz, María de las Merdeces
Función Ed.
9 (RLIN) 3435
700 1# - ENTRADAS SECUNDARIAS - NOMBRE PERSONAL
Nombre personal Binder, Fernando.
Función Ed.
9 (RLIN) 4346
700 1# - ENTRADAS SECUNDARIAS - NOMBRE PERSONAL
Nombre personal Bonella, María Belén.
9 (RLIN) 4347
700 1# - ENTRADAS SECUNDARIAS - NOMBRE PERSONAL
Nombre personal Sujodoles Gazzaro, Laila.
9 (RLIN) 4348
700 1# - ENTRADAS SECUNDARIAS - NOMBRE PERSONAL
Nombre personal Moreno Rodríguez, Rocío Celeste.
9 (RLIN) 4349
700 1# - ENTRADAS SECUNDARIAS - NOMBRE PERSONAL
Nombre personal Ussher, Patricio.
9 (RLIN) 4350
942 ## - ADDED ENTRY ELEMENTS (KOHA)
Source of classification or shelving scheme Dewey Decimal Classification
Item type Libros
Existencias
Estado de retiro Existencia Fuente de clasificación Estado general No para prestamo Ubicación permanente ubicación actual Sala de ubicación Fecha de adquisición Fuente de adquisición Total Checkouts Total Renewals Número de clasificación Código de barras Date last seen Date last borrowed Número de ejemplar Price effective from Koha tipo de elemento (item) Public note Coded location qualifier Costo, precio normal de compra Checked out
    Dewey Decimal Classification     Biblioteca Medicina Biblioteca Medicina Circulación 30/07/2025 Reemplazo de ejemplar, por Joaquín Arias. Junio 2025. 2 1 616 51 MED 4092 26/11/2025 11/11/2025 Ej. 1 06/08/2025 Libros Reemplazo de ejemplar, por Joaquín Arias. Junio 2025.      
    Dewey Decimal Classification     Biblioteca Medicina Biblioteca Medicina Circulación 30/07/2025 Donación Asociación Neuquina de Anestesia - ANAAR, Julio 2025. 4   616 51 MED 5078 28/05/2026 28/05/2026 Ej. 4 06/08/2025 Libros Donación Asociación Neuquina de Anestesia - ANAAR, Julio 2025. Sede Tordos.   38000.00 05/06/2026
    Dewey Decimal Classification     Biblioteca Medicina Biblioteca Medicina Circulación 30/07/2025 Donación Asociación Neuquina de Anestesia - ANAAR, Julio 2025. 2   616 51 MED 5079 24/04/2026 06/04/2026 Ej. 5 06/08/2025 Libros Donación Asociación Neuquina de Anestesia - ANAAR, Julio 2025. Sede Tordos.   38000.00  
    Dewey Decimal Classification     Biblioteca Medicina Biblioteca Medicina Circulación 30/07/2025 Donación Asociación Neuquina de Anestesia - ANAAR, Julio 2025. 3 1 616 51 MED 5080 10/04/2026 26/03/2026 Ej. 6 06/08/2025 Libros Donación Asociación Neuquina de Anestesia - ANAAR, Julio 2025. Sede Tordos.   38000.00  
    Dewey Decimal Classification     Biblioteca Medicina Biblioteca Medicina Circulación 30/07/2025 Donación Asociación Neuquina de Anestesia - ANAAR, Julio 2025. 4 1 616 51 MED 5081 27/11/2025 10/11/2025 Ej. 7 06/08/2025 Libros Donación Asociación Neuquina de Anestesia - ANAAR, Julio 2025.   38000.00  

UNIVERSIDAD NACIONAL DEL COMAHUE
Biblioteca de la Facultad de Ciencias Médicas
Sede Toschi: Los Arrayanes y Av. Toschi, Cipolletti  - Rio Negro
Sede Los Tordos:  Yrigoyen al 2211, Cipolletti - Rio Negro 

Teléfono: 0299 - 4774707 int 25
Contacto: biblioteca@facimed.uncoma.edu.ar
© 2011 - 2026